Management Principles and Organisational Behaviour

Saved in:
Bibliographic Details
Main Author: Vasishth
Format: Book
Published: Taxmann
Tags: Add Tag
No Tags, Be the first to tag this record!

MARC

LEADER 00000nam a2200000Ia 4500
005 20260513122053.0
020 |a 9789356225886 
100 |a Vasishth 
365 |c Rs. 
365 |b 20.00 
942 |c BK 
245 |a Management Principles and Organisational Behaviour 
260 |b Taxmann 
999 |c 90  |d 90 
952 |0 0  |1 0  |4 0  |7 0  |a UNSW  |b UNSW  |d 2026-05-06  |g 825.00  |i 16684  |l 0  |p 000122  |r 2026-05-13 12:20:53  |v 825.00  |w 2026-05-13  |y BK